• 首页
  • 本馆介绍
  • 公告通知
  • 最新文献
  • 馆藏检索
  • 电子资源
  • 读者导购
  • 参考咨询
  • 我的图书馆
  • 登录
  • 详细信息显示
  • 放入我的书架
  • 预约/预借图书
  • 作者相关作品
  • 分类相关作品
  • 丛书相关作品
  • 出版社相关作品

书目信息

  • 表格格式
  • 工作单格式
  • 卡片格式
题名:
WTO案例及评析
    
 
作者: 韩立余 编著
分册: 上卷  
出版信息: 北京   中国人民大学出版社  2001
页数: 483页
开本: 32开
丛书名:
单 册:
中图分类: F744
科图分类:
主题词: 商业经济
电子资源:
ISBN: 7-300-03690-2
000 00578nam0 2200205 45
001 0301161400
005 20031219104103.5
010    @a7-300-03690-2@dCNY39.00
100    @a20030116d2001 km y0chiy0120 ea
101 0  @achi
105    @a z 000yy
200 1  @aWTO案例及评析@e1995-1999@h上卷@AWTO An Li Ji Ping Xi@f韩立余编著@FHan Li Yu Bian Zhu
210    @a北京@c中国人民大学出版社@d2001
215    @a483页@d32开
517    @a1995-1999
606 0  @a商业经济
690    @aF744@v4
701    @a韩立余@4编著
801    @aCN@bTSTC@c20030116
905    @b319530-534@dF744@e20:1@f5
    
    WTO案例及评析:1995-1999.上卷/韩立余编著.-北京:中国人民大学出版社,2001
    483页;32开
    
    
    ISBN 7-300-03690-2:CNY39.00
    
●
相关链接 在E读中查询图书 在五车中查询图书 在当当中查询图书 在豆瓣中查询图书


正题名:WTO案例及评析     索取号:F744/20:1         预约/预借

序号 登录号 条形码 馆藏地/架位号 状态 备注
1 0319530   203195309   密集书库/ [索取号:F744/20:1] 在馆    
2 0319531   203195318   第一借阅区/ [索取号:F744/20:1] 在馆    
3 0319532   203195327   密集书库/ [索取号:F744/20:1] 在馆    
4 0319533   203195336   第一借阅区/ [索取号:F744/20:1] 在馆    
5 0319534   203195345   第一样本阅览室/ [索取号:F744/20:1] 在馆    
唐山师范学院图书馆 欢迎您!
大连网信软件有限公司© 版权所有